| 000 | 00717nam a2200253 a 4500 | ||
|---|---|---|---|
| 001 | BRCA_5494 | ||
| 005 | 20190320205113.0 | ||
| 008 | 020211s1937----fr-#######---#000-0#eng-# | ||
| 041 | _aeng | ||
| 044 | _afr | ||
| 050 | 4 |
_aND801 _b.H36 1937 |
|
| 100 | 1 |
_aHarris, E. _914040 |
|
| 245 | 1 | 0 |
_aSpanish Painting _cE. Harris. |
| 260 |
_aParís _bHyperion _c1937 |
||
| 300 |
_a32 p. _bil. (algunas a color), 104 láminas _c32 cm. |
||
| 500 | _aIncluye biografía de pintores Españoles | ||
| 500 | _aEstado físico: Encuadernación desprendida | ||
| 500 | _aE170 | ||
| 504 | _aBibliografía: p. 30-32 | ||
| 650 | 1 | 4 |
_aPintura española _97790 |
| 650 | 1 | 4 |
_aPintura _vHistoria _914041 |
| 902 | _aGFM | ||
| 942 |
_2lcc _cB |
||
| 999 |
_c5188 _d5188 |
||